A munkácsi m. kir. állami ruszin tanitási nyelvü koadukációs tanitóképzö intézet és a vele kapcsolatos magyar tanitási nyelvü líceum elsö osztályának : évkönyve az 1938-39. iskolai évröl /
Uložené v:
| Ďalší autori: | |
|---|---|
| Médium: | Seriál |
| Jazyk: | Hungarian |
| Vydané: |
Munkács :
Pannonia,
1939.
|
| Vydanie: | 1. kiad. |
| ISBN: |
(brož.) |
| Fyzický popis: |
36 s. |
| Tagy: |
Pridať tag
Žiadne tagy, Buďte prvý kto otaguje tento záznam!
|
Titul je dostupný aj v ... 

MARC
| LEADER | 00000nas a2200000 a 4500 | ||
|---|---|---|---|
| 001 | 000385607 | ||
| 005 | 20120617090338.0 | ||
| 008 | 060831d1939 un e 000 0 hun d | ||
| 020 | |a (brož.) |c Kčs 21,00 | ||
| 040 | |a SVKKK |b slo |c SVKKK |e AACR2 | ||
| 041 | 0 | |a hun | |
| 044 | |a un |c UA | ||
| 245 | 0 | 2 | |a A munkácsi m. kir. állami ruszin tanitási nyelvü koadukációs tanitóképzö intézet és a vele kapcsolatos magyar tanitási nyelvü líceum elsö osztályának : |b évkönyve az 1938-39. iskolai évröl / |c közzétette Sörös József. |
| 250 | |a 1. kiad. | ||
| 260 | |a Munkács : |b Pannonia, |c 1939. | ||
| 300 | |a 36 s. | ||
| 700 | 1 | |a Sörös, József |4 com | |
| 910 | |a svkkk | ||
| 998 | |a BK | ||
| 090 | |g SCKHL |k Sklad Pribinova prízemie |a IV.138088 |j 752180 |i 2720682560 |s Prezenčne | ||